Introduction to mathematical modeling using discrete dynamical systems / (Record no. 5291)

MARC details
000 -LEADER
fixed length control field 01347nam a2200337 4500
001 - CONTROL NUMBER
control field 13938345
005 - DATE AND TIME OF LATEST TRANSACTION
control field 20150416115910.0
007 - PHYSICAL DESCRIPTION FIXED FIELD--GENERAL INFORMATION
fixed length control field 000
008 - FIXED-LENGTH DATA ELEMENTS--GENERAL INFORMATION
fixed length control field 000
010 ## - LIBRARY OF CONGRESS CONTROL NUMBER
LC control number 2005926312
020 ## - INTERNATIONAL STANDARD BOOK NUMBER
International Standard Book Number 0495014176
035 ## - SYSTEM CONTROL NUMBER
System control number (OCoLC)ocm61856764
040 ## - CATALOGING SOURCE
Original cataloging agency UOEL
Transcribing agency UAB
Modifying agency BAKER
-- DLC
042 ## - AUTHENTICATION CODE
Authentication code lccopycat
050 00 - LIBRARY OF CONGRESS CALL NUMBER
Classification number QA402
Item number .M357 2006
082 00 - DEWEY DECIMAL CLASSIFICATION NUMBER
Classification number 511/.8
Edition number 22
100 1# - MAIN ENTRY--PERSONAL NAME
Personal name Marotto, Frederick R.
245 10 - TITLE STATEMENT
Title Introduction to mathematical modeling using discrete dynamical systems /
Statement of responsibility, etc Frederick R. Marotto.
246 30 - VARYING FORM OF TITLE
Title proper/short title Mathematical modeling using discrete dynamical systems
260 ## - PUBLICATION, DISTRIBUTION, ETC. (IMPRINT)
Place of publication, distribution, etc Belmont, CA :
Name of publisher, distributor, etc Thomson Brooks/Cole,
Date of publication, distribution, etc c2006.
300 ## - PHYSICAL DESCRIPTION
Extent xiii, 349 p. :
Other physical details ill. (some col.) ;
Dimensions 24 cm.
504 ## - BIBLIOGRAPHY, ETC. NOTE
Bibliography, etc Includes bibliographical references (p. 339-340) and index.
650 #0 - SUBJECT ADDED ENTRY--TOPICAL TERM
Topical term or geographic name as entry element Discrete-time systems.
General subdivision Mathematics
Topical term or geographic name as entry element Mathematical models.
General subdivision Mathematics
856 41 - ELECTRONIC LOCATION AND ACCESS
Materials specified Table of contents only
Uniform Resource Identifier <a href="http://www.loc.gov/catdir/toc/fy0609/2005926312.html">http://www.loc.gov/catdir/toc/fy0609/2005926312.html</a>
Materials specified Contributor biographical information
Uniform Resource Identifier <a href="http://www.loc.gov/catdir/enhancements/fy1302/2005926312-b.html">http://www.loc.gov/catdir/enhancements/fy1302/2005926312-b.html</a>
Materials specified Publisher description
Uniform Resource Identifier <a href="http://www.loc.gov/catdir/enhancements/fy1302/2005926312-d.html">http://www.loc.gov/catdir/enhancements/fy1302/2005926312-d.html</a>
906 ## - LOCAL DATA ELEMENT F, LDF (RLIN)
a 7
b cbc
c copycat
d 2
e ncip
f 20
g y-gencatlg
942 ## - ADDED ENTRY ELEMENTS (KOHA)
Source of classification or shelving scheme Library of Congress Classification
Item type Loan - Normal on open shelf
Holdings
Withdrawn status Lost status Source of classification or shelving scheme Damaged status Not for loan Home library Current library Shelving location Date acquired Total Checkouts Full call number Barcode Date last seen Copy number Price effective from Koha item type
    Library of Congress Classification     UOE Main Library UOE Main Library Open shelf 16/04/2015   QA402 .M357 2006 20147797 27/04/2026 20147797 16/04/2015 Loan - Normal on open shelf